000 002660000a22000970004500
100 1 _aSchmidt, Karen
245 1 0 _aRaising support for the family
300 _aVol. 74, Num.4 (Octubre-Diciembre, 1994), Páginas 8-10
773 0 _tLatin America Evangelist
942 _cANA
999 _c54872
_d54872